Vybrané teoretické koncepcie migrácie pracovnej sily

Prezentácia a porovnanie teoretických prístupov k medzinárodnej migrácii: neoklasická teória, nová ekonómia migrácie, duálna teória trhu práce, svet systémov.

Salvato in:
Dettagli Bibliografici
Autore principale: Rievajová, Eva
Altri autori: Pogány, Tomáš
Natura: Capitolo di libro
Lingua:slovacco
Soggetti:
Tags: Aggiungi Tag
Nessun Tag, puoi essere il primo ad aggiungerne!!

MARC

LEADER 00000nla a2200000 4500
001 0179656
005 20240502073043.8
041 0 |a slo 
044 |a SK 
245 1 0 |a Vybrané teoretické koncepcie migrácie pracovnej sily  |c Eva Rievajová, Tomáš Pogány 
520 |a Prezentácia a porovnanie teoretických prístupov k medzinárodnej migrácii: neoklasická teória, nová ekonómia migrácie, duálna teória trhu práce, svet systémov. 
610 2 0 |a pohyb síl pracovných medzinárodný 
610 2 0 |a migrácia 
100 1 |a Rievajová, Eva 
700 1 |a Pogány, Tomáš